000 00475nam a2200193 a 4500
001 BRCA_7140
005 20190320205728.0
008 110112s1950----enk#######---#000-0#eng-#
041 _aeng
044 _aenk
050 4 _aPZ3
_b.T374Mo
245 1 0 _aMonsieur Beaucaure
_cBooth Tarkington.
260 _aLondres
_bHodder & Stoughton
_c[19 ?]
300 _a130 p.
_c19 cm.
500 _aP29
650 1 4 _aLiteratura estadounidense
_917729
902 _aGFM
942 _2lcc
_cB
999 _c6821
_d6821